Capitals of countries starting with K - Statistics

General Stats
  • This quiz has been taken 26 times
  • The average score is 4 of 6
Answer Stats
Country Capital % Correct
Kazakhstan Nur-Sultan
100%
Kenya Nairobi
95%
Kuwait Kuwait City
86%
Kosovo Pristina
76%
Kyrgyzstan Bishkek
62%
Kiribati Tarawa Atoll
0%
No matching quizzes found
Score Distribution
Percent of People with Each Score
Percentile by Number Answered
Your Score History
You have not taken this quiz